000 00735nam a2200229 4500
001 136893
003 ES-MaACL
005 20230906195245.0
007 t|
008 070214s1976 sp r ||||1| spa d
020 _a84-265-8028-9
080 _a860(8.03).09"19"(023)
100 1 _aSainz de Medrano, Luis.
_9101591
245 1 0 _aLiteratura hispanoamericana actual /
_cLuis Sainz de Medrano.
260 _aMadrid :
_bMagisterio Español,
_c1976.
300 _a157 p. :
_bil. ;
_c18 cm.
490 1 _aBiblioteca cultural RTVE ;
_v81
650 4 _aLiteratura hispanoamericana-
_yS.XX-
_xHistoria y crítica.
_914614
830 1 _aBiblioteca cultural RTVE ;
_v81
_9187059
852 _aES-MaACL
_jA-6417
999 _c136893
_d136893